L'eredità giuridica di san Pio X

Uloženo v:
Podrobná bibliografie
Hlavní autor: Cattaneo, Arturo (Autor)
Médium: Kniha
Jazyk:italština
Vydáno: Venecia Marcianum Press 2006
Vydání:1a. ed
Edice:Studi, 3
Témata:
Tagy: Přidat tag
Žádné tagy, Buďte první, kdo vytvoří štítek k tomuto záznamu!

MARC

LEADER 00000cam a2200000 a 4500
001 UCF0694
003 CL-VaPUC
008 120607e20060000IT |||||||||||||||||ita|d
020 |a 8889736070 
082 0 4 |a 262.9  |b CAT  |2 21 
100 0 |a Cattaneo, Arturo  |e author  |9 562428 
245 1 2 |a L'eredità giuridica di san Pio X 
250 |a 1a. ed 
300 |a 354 p 
942 |c BK 
945 |d 20120607 00:00:00  |a cmena 
260 |a Venecia  |b Marcianum Press  |c 2006 
600 0 |a Pío X  |9 433034 
650 7 |a DERECHO CANONICO  |2 CL-VaPUC  |9 562429 
650 0 |a Derecho eclesiástico  |9 255055 
583 |a last modification  |c 20130320 03:08:07  |k Rodrigo Vera 
490 0 |a Studi, 3 
999 |c 347875  |d 347873 
952 |0 0  |1 0  |4 0  |6 262_900000000000000_CAT_2006  |7 0  |8 DER_HDC  |9 449582  |a BIBDER  |b BIBDER  |d 2019-11-22  |i 4872398  |l 1  |o 262.9 CAT 2006  |p 4872398  |r 2023-01-25  |s 2020-03-19  |w 2019-11-22  |x Ubicación 4to Piso  |y BK  |z Estos recursos deben solicitarse con anticipación  |k DER